000 00366 a2200169 4500
001 71394
020 _a8573117885
040 _cAnchieta - Colégio São Paulo
100 _aFurnari, Eva
240 1 0 _aPor um fio
_lpor
245 1 0 _aPor um fio
300 _a[14p.]
362 0 _a2003
440 1 _aPaulinas
650 4 _aLiteratura infanto-juvenil
942 _cBK
999 _c71394
_d71394